Le droit pénale des affaires
| 1. VerfasserIn: | |
|---|---|
| Medienart: | Druck Buch |
| Sprache: | Französisch |
| Veröffentlicht: |
Paris
Pr. Univ. de France
1982
|
| In: |
Que sais-je? (1653)
Jahr: 1982 |
| Ausgabe: | 2. éd. mise à jour, 16. mille |
| Bestand in Tübingen: | In Tübingen vorhanden. UB: KB 8 E 1432 |
| Verfügbarkeit prüfen: | HBZ Gateway |
| Subito Bestelldienst: | Jetzt bestellen. |
MARC
| LEADER | 00000cam a2200000 c 4500 | ||
|---|---|---|---|
| 001 | 1613755015 | ||
| 003 | DE-627 | ||
| 005 | 20251225195245.0 | ||
| 007 | tu | ||
| 008 | 850101s1982 xx ||||| 00| ||fre c | ||
| 020 | |a 2130376827 |9 2-13-037682-7 | ||
| 035 | |a (DE-627)1613755015 | ||
| 035 | |a (DE-576)00885968X | ||
| 035 | |a (DE-599)BSZ00885968X | ||
| 035 | |a (OCoLC)82851025 | ||
| 040 | |a DE-627 |b ger |c DE-627 |e rakwb | ||
| 041 | |a fre | ||
| 082 | 0 | |a 345.02 | |
| 100 | 1 | |a Robert, Jean-Marie |0 (DE-627)1232746975 |0 (DE-576)162746970 |4 aut | |
| 109 | |a Robert, Jean-Marie |a Robert, J.-M. | ||
| 245 | 1 | 3 | |a Le droit pénale des affaires |c Jean-Marie Robert |
| 250 | |a 2. éd. mise à jour, 16. mille | ||
| 264 | 1 | |a Paris |b Pr. Univ. de France |c 1982 | |
| 300 | |a 127 S. | ||
| 336 | |a Text |b txt |2 rdacontent | ||
| 337 | |a ohne Hilfsmittel zu benutzen |b n |2 rdamedia | ||
| 338 | |a Band |b nc |2 rdacarrier | ||
| 490 | 1 | |a Que sais-je ? |v 1653 | |
| 583 | 1 | |a Archivierung prüfen |c 20200919 |f DE-640 |z 2 |2 pdager | |
| 830 | 0 | |a Que sais-je? |v 1653 |9 1653,2 |w (DE-627)129971057 |w (DE-576)015534812 |w (DE-600)410249-6 |x 0768-0066 |7 am | |
| 951 | |a BO | ||
| ELC | |b 1 | ||
| LOK | |0 000 xxxxxcx a22 zn 4500 | ||
| LOK | |0 001 3178077987 | ||
| LOK | |0 003 DE-627 | ||
| LOK | |0 004 1613755015 | ||
| LOK | |0 005 20151005144208 | ||
| LOK | |0 008 880712||||||||||||||||ger||||||| | ||
| LOK | |0 040 |a DE-21 |c DE-627 |d DE-21 | ||
| LOK | |0 852 |a DE-21 | ||
| LOK | |0 852 1 |c KB 8 E 1432 |9 00 | ||
| LOK | |0 935 |a krim | ||
| LOK | |0 939 |a 12-07-88 |b l01 | ||
| ORI | |a SA-MARC-krimdoka001.raw | ||
| SIG | |a UB: KB 8 E 1432 | ||
